000
00307nam a22001337a 4500
020
_a
07-032780-7
082
_a
629.225 JON'F
100
_a
JONES, FRED R
_9
77505
245
_a
FARM GAS ENGINES AND TRACTORS
250
_a
4TH
260
_a
NEWYORK
_b
MCGRAW HILL
_c
1966
300
_a
VIII, 518P
942
_c
BK
999
_c
582766
_d
582766